000 00642nam a22002057a 4500
999 _c12756
_d12756
003 AR-CdUCM
008 190410b ||||| |||| 00| 0 spa d
040 _aMUNICIPALIDAD PROVINCIAL DEL CUSCO
_cBIBLIOTECA MUNICIPAL DEL CUSCO
082 _a869.564 /
_bE32
100 _aEguren, Jose María
_917871
245 _aObras completas /
260 _aLima :
_bMosca Azul,
_c1974.
300 _a549 páginas ;
_c19 cm.
505 _aContenido: Poesía -- Prosa -- Bibliografía.
650 _aLiteratura peruana
_9169
650 _aSiglo XX.
_98
700 _aSilva-Santisteban, Ricardo
_91706
942 _2ddc
_cLIBROS
945 _aacv
_d2019-04-10